Trápení lásky /

Hlavní autor: Cimický, Jan, 1948-
Jazyk: Čeština
Vydáno: Praha : Baronet, 2007
Vydání: Vyd. 1.
Edice: Baronetka
Témata:
Fyzický popis: 259 s. ; 20 cm
Knihy
Uloženo v:
LEADER 01065cam a2200349 a 4500
001 nkc20061703022
003 CZ PrNK
005 20080313121653.0
007 ta
008 070228s2007 xr g 000 f cze d
015 |a cnb001703022 
020 |a 978-80-7214-964-3  |q (váz.)  |z 80-7214-964-4 
035 |a (OCoLC)124090841 
040 |a KLG001  |b cze  |d BOA001  |d ABA001 
072 7 |a 821.162.3-3  |x Česká próza  |2 Konspekt  |9 25 
080 |a 821.162.3-31  |2 MRF 
080 |a (0:82-31)  |2 MRF 
100 1 |a Cimický, Jan,  |d 1948-  |7 jk01020718  |4 aut 
245 1 0 |a Trápení lásky /  |c Jan Cimický 
250 |a Vyd. 1. 
260 |a Praha :  |b Baronet,  |c 2007 
300 |a 259 s. ;  |c 20 cm 
490 1 |a Baronetka 
500 |a Název edice uveden pouze na přebalu 
655 7 |a české romány  |7 fd133974  |2 czenas 
655 9 |a Czech fiction  |2 eczenas 
830 0 |a Baronetka  |0 s 
910 2 |a BOA001  |b 2-1183.368 
990 |a BK 
995 |a 01 
991 |b 200703 
996 6 |b 2610304900  |c 2-1183.368  |l MZK  |r Sklad / do 1 hodiny  |n 3  |p p.v.  |w 000844594  |u 000010  |a 1  |e BOA001  |j MZK50  |s P